| 000 | 00598nam a2200229Ia 4500 | ||
|---|---|---|---|
| 008 | 181129s9999 xx 000 0 und d | ||
| 020 | _a9780545019675 | ||
| 050 | _bF853 2006 | ||
| 100 | _aFreedman, Russell | ||
| 245 | 4 | _aThe adventures of Marco Polo / | |
| 245 | 0 | _cby Russell Freedman ; illustrated by Bagram Ibatoulling. | |
| 260 | _aNew York, NY : | ||
| 260 | _bScholastic, | ||
| 260 | _c2006 | ||
| 300 | _a63 pages : | ||
| 300 | _bcolor illustrations ; | ||
| 300 | _c22cm. | ||
| 500 | _a1270L | ||
| 650 | _aChildren's literature. | ||
| 650 | _aExplorers. | ||
| 700 | _aTitle. | ||
| 999 |
_c359897 _d359897 |
||